[Event "Taastrup Winter 2nd"]
[Site "Taastrup"]
[Date "2017.02.26"]
[Round "8"]
[White "Falkenberg, Mads"]
[Black "Andersen, Svend Erik"]
[Result "1/2-1/2"]
[WhiteElo "1512"]
[BlackElo "1839"]
[PlyCount "55"]
[EventDate "2016.11.11"]
[EventType "swiss"]
[EventRounds "9"]
[EventCountry "DEN"]
[SourceTitle "EXT 2024"]
[Source "ChessBase"]
[SourceDate "2023.10.10"]
[SourceVersion "1"]
[SourceVersionDate "2023.10.10"]
[SourceQuality "1"]

1. e4 e6 2. d4 b6 3. Nc3 Bb7 4. Bd3 Bb4 5. Bd2 Ne7 6. a3 Bxc3 7. Bxc3 d6 8. Qg4 Ng6 9. 0-0-0 Nd7 10. f4 Nf6 11. Qf3 Qd7 12. Ne2 0-0-0 13. h3 Kb8 14. Rhg1 Rhe8 15. g4 d5 16. e5 Ne4 17. Bxe4 dxe4 18. Qe3 f5 19. Ng3 Nh4 20. Ne2 Nf3 21. Rgf1 g6 22. Rf2 Qe7 23. Ng1 c5 24. Nxf3 exf3 25. dxc5 Rxd1+ 26. Kxd1 Rd8+ 27. Kc1 bxc5 28. g5 1/2-1/2